000 00353nam a2200121Ia 4500
008 190216s9999||||xx |||||||||||||| ||und||
100 _aAditya P Mathur
 Kulbir S Arora
 Uday N
 Reddy S
245 0 _aIntroduction To Pascal
260 _bTata Mcgraw Hill Publishing Company Ltd
_c1983
300 _a320 p
650 _aComputer
942 _cBK
999 _c8558
_d8558